[Event "Zilina Region-ch"]
[Site "Zilina"]
[Date "2013.05.18"]
[Round "3"]
[White "Piroha, Miroslav"]
[Black "Klochan, Peter"]
[Result "1-0"]
[WhiteElo "1946"]
[BlackElo "1712"]
[PlyCount "97"]
[EventDate "2013.05.17"]
[EventType "swiss"]
[EventRounds "6"]
[EventCountry "SVK"]
[SourceTitle "CBM 154 Extra"]
[Source "ChessBase"]
[SourceDate "2013.06.25"]
[SourceVersion "2"]
[SourceVersionDate "2013.06.25"]
[SourceQuality "1"]

1. Nf3 g6 2. d4 Bg7 3. e4 d6 4. c3 f5 5. Bd3 fxe4 6. Bxe4 Nf6 7. Bd3 0-0 8. Bg5 Nc6 9. Nbd2 e5 10. dxe5 Nxe5 11. Nxe5 dxe5 12. Qc2 Qe8 13. 0-0 Kh8 14. Rae1 b6 15. f4 Bb7 16. fxe5 Ng4 17. Rxf8+ Qxf8 18. Nc4 b5 19. Ne3 Qc5 20. Kh1 Nxe3 21. Bxe3 Qxe5 22. Bf2 Qg5 23. Be4 Bxe4 24. Qxe4 Rf8 25. Be3 Qe5 26. Qxe5 Bxe5 27. Bxa7 Bd6 28. Bd4+ Kg8 29. Kg1 Ra8 30. a3 Kf7 31. h3 c5 32. Bf2 b4 33. axb4 cxb4 34. c4 Rc8 35. b3 g5 36. g4 h5 37. Kg2 h4 38. Be3 Kg6 39. Rd1 Bg3 40. Rd5 Ra8 41. Rxg5+ Kf6 42. Rb5 Ra2+ 43. Kf3 Be1 44. g5+ Kf7 45. Kg4 Rg2+ 46. Kf5 Rg3 47. g6+ Ke8 48. Bf4 Rg2 49. Re5+ 1-0

[Event "Zilina Region-ch"]
[Site "Zilina"]
[Date "2012.05.06"]
[Round "5"]
[White "Piroha, Miroslav"]
[Black "Turiak, Anton"]
[Result "1-0"]
[WhiteElo "1963"]
[BlackElo "1864"]
[PlyCount "95"]
[EventDate "2012.05.04"]
[EventType "swiss"]
[EventRounds "7"]
[EventCountry "SVK"]
[SourceTitle "CBM 148 Extra"]
[Source "ChessBase"]
[SourceDate "2012.06.22"]
[SourceVersion "1"]
[SourceVersionDate "2012.06.22"]
[SourceQuality "1"]

1. d4 Nf6 2. Nf3 d6 3. Bg5 Nbd7 4. Nbd2 g6 5. e4 Bg7 6. c3 0-0 7. h3 c5 8. d5 h6 9. Be3 Nb6 10. a4 Bd7 11. a5 Nc8 12. Qb3 b6 13. e5 dxe5 14. Nxe5 Nd6 15. Bd3 Bf5 16. Nc6 Qc7 17. Bxf5 Nxf5 18. 0-0 Nxe3 19. fxe3 e6 20. e4 exd5 21. exd5 Rfe8 22. Rae1 Rxe1 23. Rxe1 Re8 24. Rxe8+ Nxe8 25. axb6 axb6 26. Qc4 Nd6 27. Qf4 Qd7 28. Ne5 Qe7 29. Ndf3 g5 30. Qe3 f6 31. Nc4 Qxe3+ 32. Nxe3 b5 33. g4 Kf7 34. Nd2 c4 35. Kf2 Bf8 36. Nf5 Nb7 37. Ne4 h5 38. Ke3 hxg4 39. hxg4 Nc5 40. Ned6+ Bxd6 41. Nxd6+ Ke7 42. Nxb5 Na4 43. Ke4 Nxb2 44. Kf5 Nd3 45. d6+ Kd7 46. Kxf6 Kc6 47. Na3 Nf2 48. Ke7 1-0

[Event "Zilina Region-ch"]
[Site "Zilina"]
[Date "2012.05.05"]
[Round "4"]
[White "Bracok, Stefan"]
[Black "Piroha, Miroslav"]
[Result "0-1"]
[WhiteElo "1673"]
[BlackElo "1963"]
[PlyCount "38"]
[EventDate "2012.05.04"]
[EventType "swiss"]
[EventRounds "7"]
[EventCountry "SVK"]
[SourceTitle "CBM 148 Extra"]
[Source "ChessBase"]
[SourceDate "2012.06.22"]
[SourceVersion "1"]
[SourceVersionDate "2012.06.22"]
[SourceQuality "1"]

1. e4 e6 2. d4 d5 3. Nc3 Nf6 4. Bg5 c6 5. e5 h6 6. Bd2 Ne4 7. Nxe4 dxe4 8. c3 c5 9. dxc5 Nc6 10. Bb5 Bxc5 11. b4 Bxf2+ 12. Kxf2 Qb6+ 13. Be3 Qxb5 14. Qd6 Nxe5 15. Bc5 Nd3+ 16. Ke3 Nxc5 17. bxc5 Bd7 18. Ne2 Rc8 19. Kd4 Qd3+ 0-1

[Event "SVK-chT2C 0809"]
[Site "Slovakia"]
[Date "2009.02.01"]
[Round "9.5"]
[White "Rzeszoto, Rastislav"]
[Black "Piroha, Miroslav"]
[Result "0-1"]
[WhiteElo "1954"]
[BlackElo "1910"]
[PlyCount "62"]
[EventDate "2008.10.11"]
[EventType "team-tourn"]
[EventRounds "11"]
[EventCountry "SVK"]
[SourceTitle "EXT 2010"]
[Source "ChessBase"]
[SourceDate "2010.11.25"]
[SourceVersion "1"]
[SourceVersionDate "2010.11.25"]
[SourceQuality "1"]
[WhiteTeam "Zilina Mladost II"]
[BlackTeam "Zilina Central"]
[WhiteTeamCountry "SVK"]
[BlackTeamCountry "SVK"]

1. d4 d5 2. c4 c6 3. Nc3 Nf6 4. Nf3 g6 5. Bf4 Bg7 6. Rc1 e6 7. e3 Nbd7 8. Bd6 dxc4 9. e4 Nb6 10. e5 Nfd5 11. Ne4 Ne7 12. h4 Nf5 13. g4 Nxd6 14. Nxd6+ Ke7 15. Ng5 f6 16. Ngf7 Qf8 17. Nxh8 Qxh8 18. exf6+ Bxf6 19. Nxc8+ Rxc8 20. Bxc4 Bxd4 21. b3 Rf8 22. 0-0 Qf6 23. Qe2 e5 24. Rcd1 c5 25. Rd3 Qxh4 26. Rg3 Qxg3+ 27. Kh1 Qh3+ 28. Kg1 Rf3 29. Qxf3 Qxf3 30. Kh2 Bxf2 31. Bb5 Qg3+ 0-1

[Event "SVK-chT2C 0809"]
[Site "Slovakia"]
[Date "2009.01.10"]
[Round "7.3"]
[White "Mraz, Ondrej"]
[Black "Piroha, Miroslav"]
[Result "1-0"]
[WhiteElo "1666"]
[BlackElo "1910"]
[PlyCount "61"]
[EventDate "2008.10.11"]
[EventType "team-tourn"]
[EventRounds "11"]
[EventCountry "SVK"]
[SourceTitle "EXT 2010"]
[Source "ChessBase"]
[SourceDate "2010.11.25"]
[SourceVersion "1"]
[SourceVersionDate "2010.11.25"]
[SourceQuality "1"]
[WhiteTeam "Liptov SK III"]
[BlackTeam "Zilina Central"]
[WhiteTeamCountry "SVK"]
[BlackTeamCountry "SVK"]

1. e4 e6 2. d4 d5 3. Nd2 Nf6 4. e5 Nfd7 5. Bd3 c5 6. c3 Nc6 7. Ne2 Be7 8. 0-0 b6 9. f4 cxd4 10. cxd4 Nb4 11. Bb1 Ba6 12. Rf3 Bxe2 13. Qxe2 Rc8 14. Nb3 g6 15. a3 Nc6 16. Bd3 0-0 17. Rh3 Re8 18. Qg4 Rc7 19. Bd2 Bf8 20. f5 exf5 21. Bxf5 Bg7 22. Bg5 Ne7 23. e6 Nf8 24. exf7+ Kxf7 25. Be6+ Nxe6 26. Rf1+ Kg8 27. Qxe6+ Kh8 28. Rff3 Qc8 29. Rxh7+ Kxh7 30. Rh3+ Bh6 31. Qf7+ 1-0